[Event "CGC KO 2022"]
[Site "chess.com INT"]
[Date "2022.09.17"]
[Round "1.1"]
[White "So, Wesley"]
[Black "Lazavik, Denis"]
[Result "1-0"]
[WhiteTitle "GM"]
[BlackTitle "IM"]
[WhiteElo "2771"]
[BlackElo "2523"]
[WhiteFideId "5202213"]
[BlackFideId "13515110"]
[EventDate "2022.09.14"]
[EventType "k.o."]

1. e4 e5 2. Nf3 Nc6 3. Bc4 Bc5 4. O-O Nf6 5. d3 O-O 6. Nbd2 d6 7. c3 a6 8. Re1
Ba7 9. a4 h6 10. Nf1 Re8 11. Be3 Bxe3 12. Nxe3 Be6 13. Bxe6 Rxe6 14. b4 Ne7 15.
Qc2 Ng6 16. g3 Qd7 17. c4 c6 18. Rad1 Rae8 19. Nf5 Qc7 20. a5 Ne7 21. Ne3 Qb8
22. Kh1 d5 23. c5 Rd8 24. Rd2 Nc8 25. Nf5 Na7 26. Rde2 Nb5 27. Kg2 Qc7 28. Qb2
d4 29. Qc1 Kh7 30. Kh1 Ng8 31. Ng1 g6 32. Nh4 Nc3 33. Rc2 Ne7 34. f4 exf4 35.
gxf4 f5 36. exf5 Rxe1 37. Qxe1 Nxf5 38. Nxf5 gxf5 39. Nf3 Nd5 40. Qe6 Rf8 41.
Nxd4 Nxf4 42. Qd6 Qxd6 43. cxd6 Rd8 44. Nxf5 Kg6 45. Ne7+ Kg5 46. Rc5+ Kg4 47.
Nf5 Nxd3 48. Nxh6+ Kf4 49. Nf7 Rd7 50. Rc3 Nf2+ 51. Kg2 Nd1 52. Rf3+ Ke4 53. h4
Ne3+ 54. Kf2 Nf5 55. Ng5+ Ke5 56. h5 Nxd6 57. h6 Ne4+ 58. Nxe4 Kxe4 59. Rh3 Rh7
60. Ke2 Kd4 61. Rh4+ Kc3 62. Ke3 Kb3 63. Kf3 Ka4 64. Kg3 Kb5 65. Kf3 Ka4 66. Ke3
Kb5 67. Kd3 c5 68. bxc5 Kxc5 69. Ke4 b6 70. Rh5+ Kc6 71. axb6 Kxb6 72. Kf5 a5
73. Kg6 Rc7 74. h7 Rc8 75. Kg7 Rc7+ 76. Kf6 Rc8 77. h8=Q Rxh8 78. Rxh8 a4 79.
Ke5 Kc5 80. Rh4 Kb5 81. Kd4 Kb4 82. Kd3+ Kb3 83. Rh8 a3 84. Rb8+ Ka2 85. Kc2 Ka1
86. Kb3 a2 87. Rh8 1-0

[Event "CGC KO 2022"]
[Site "chess.com INT"]
[Date "2022.09.16"]
[Round "1.1"]
[White "Svidler, Peter"]
[Black "Shirov, Alexei"]
[Result "1-0"]
[WhiteTitle "GM"]
[BlackTitle "GM"]
[WhiteElo "2683"]
[BlackElo "2673"]
[WhiteFideId "4102142"]
[BlackFideId "2209390"]
[EventDate "2022.09.14"]
[EventType "k.o."]

1. e4 c5 2. Nf3 d6 3. Bb5+ Bd7 4. c4 Nf6 5. Nc3 Bxb5 6. cxb5 e6 7. d4 Nbd7 8.
O-O Be7 9. e5 dxe5 10. dxe5 Ng4 11. Qe2 Qc7 12. Re1 h5 13. a4 Rd8 14. a5 Nf8 15.
a6 b6 16. Nd2 Ng6 17. Nc4 f6 18. f4 Rd4 19. h3 Nxf4 20. Bxf4 Rxf4 21. hxg4 hxg4
22. Nd6+ Kf8 23. Qe3 g5 24. Rad1 c4 25. Rf1 Bxd6 26. exd6 Qh7 27. Rxf4 Qh2+ 28.
Kf1 gxf4 29. Qxe6 Qh1+ 30. Kf2 Qh4+ 31. Ke2 f3+ 32. Kd2 fxg2 33. Qe7+ Kg8 34. d7
Qg5+ 35. Kc2 1-0

[Event "CGC KO 2022"]
[Site "chess.com INT"]
[Date "2022.09.15"]
[Round "1.1"]
[White "Topalov, Veselin"]
[Black "Sadhwani, Raunak"]
[Result "1/2-1/2"]
[WhiteTitle "GM"]
[BlackTitle "GM"]
[WhiteElo "2728"]
[BlackElo "2620"]
[WhiteFideId "2900084"]
[BlackFideId "35093487"]
[EventDate "2022.09.14"]
[EventType "k.o."]

1. d4 Nf6 2. c4 e6 3. Nf3 d5 4. Nc3 Bb4 5. cxd5 exd5 6. Bg5 h6 7. Bh4 O-O 8. e3
Bf5 9. Qb3 Bxc3+ 10. Qxc3 Nbd7 11. Be2 Ne4 12. Qa3 Ndf6 13. O-O Re8 14. Rac1 c6
15. Ne5 g5 16. Bg3 Qe7 17. Qxe7 Rxe7 18. b4 Nd7 19. Nxd7 Bxd7 20. a4 a6 21. Rfd1
Be8 22. Bd3 f6 23. Re1 Kg7 24. f3 Nxg3 25. hxg3 h5 26. Kf2 Bg6 27. Bf1 f5 28.
Rc3 Rf8 29. f4 Kf6 30. b5 axb5 31. axb5 Be8 32. Rb1 h4 33. fxg5+ Kxg5 34. gxh4+
Kxh4 35. bxc6 Bxc6 36. g3+ Kg5 37. Bb5 Re6 38. Kf3 Rg8 39. Rb2 Rgg6 40. Bxc6
bxc6 41. Rb7 Rh6 42. Rc7 Rhg6 43. Rc1 Rh6 44. Rc2 Reg6 45. Ra2 Re6 46. Ra8 Rhg6
47. Rac8 Rh6 48. Rf8 Ref6 49. Rg8+ Rfg6 50. Re8 Re6 51. Rf8 Ref6 52. Rg7+ Rhg6
53. Rxf6 Kxf6 54. Rc7 Kg5 55. Re7 Kf6 56. Rc7 Kg5 57. Rc8 Re6 58. Rf8 Kg6 1/2-1/2

[Event "CGC KO 2022"]
[Site "chess.com INT"]
[Date "2022.09.15"]
[Round "1.1"]
[White "Vachier-Lagrave, Maxime"]
[Black "Iturrizaga Bonelli, Eduardo"]
[Result "1-0"]
[WhiteTitle "GM"]
[BlackTitle "GM"]
[WhiteElo "2757"]
[BlackElo "2630"]
[WhiteFideId "623539"]
[BlackFideId "3901211"]
[EventDate "2022.09.14"]
[EventType "k.o."]

1. e4 c5 2. Nf3 e6 3. d4 cxd4 4. Nxd4 a6 5. Bd3 Bc5 6. Nb3 Ba7 7. Qe2 Nc6 8. Be3
d6 9. N1d2 Nf6 10. O-O-O b5 11. Kb1 Qc7 12. Bxa7 Rxa7 13. g4 e5 14. g5 Nd7 15.
Nf1 Nb6 16. Ne3 Be6 17. h4 Ne7 18. Nf5 O-O 19. h5 Bxf5 20. exf5 Ned5 21. f6 Nf4
22. Qf3 g6 23. Rh4 Rc8 24. hxg6 fxg6 25. Rxf4 exf4 26. Qxf4 Re8 27. Rh1 Nc4 28.
Qh4 Ne5 29. Be4 Qc4 30. Na5 Nf3 31. Nxc4 Nxh4 32. Bd5+ Kf8 33. Ne3 Rxe3 34. fxe3
Nf5 35. Rh3 Rc7 36. c3 1-0

[Event "CGC KO 2022"]
[Site "chess.com INT"]
[Date "2022.09.14"]
[Round "1.1"]
[White "Vallejo Pons, Francisco"]
[Black "Matlakov, Maxim"]
[Result "0-1"]
[WhiteTitle "GM"]
[BlackTitle "GM"]
[WhiteElo "2711"]
[BlackElo "2671"]
[WhiteFideId "2205530"]
[BlackFideId "4168003"]
[EventDate "2022.09.14"]
[EventType "k.o."]

1. e4 e5 2. Nf3 Nc6 3. Nc3 Nf6 4. g3 Bc5 5. Bg2 d6 6. d3 a5 7. h3 h6 8. O-O O-O
9. b3 Be6 10. Bb2 Nd4 11. Rb1 Re8 12. Kh2 c6 13. a4 Nxf3+ 14. Qxf3 Bd4 15. Qe2
d5 16. exd5 Nxd5 17. Nxd5 Bxd5 18. Rfe1 Bxb2 19. Rxb2 Re6 20. Rbb1 Qc7 21. Be4
Rd8 22. Rbd1 g6 23. Rd2 h5 24. h4 Bxe4 25. Qxe4 Rd4 26. Qe3 b5 27. c3 Rd8 28.
Qf3 Kg7 29. Re4 Qd6 30. Qe2 Qc5 31. d4 Qxc3 32. Rd3 Qc1 33. Rxe5 Rde8 34. Rde3
bxa4 35. Rxe6 Rxe6 36. Rxe6 fxe6 37. bxa4 Kf7 38. Kg2 Ke7 39. Qe5 Qc2 40. Qxa5
Qe4+ 41. Kg1 Qxd4 42. Qc7+ Qd7 43. Qf4 Qd1+ 44. Kh2 Qd5 45. Qc7+ Qd7 46. Qe5 Qd5
47. Qg7+ Kd6 48. Qxg6 c5 49. a5 c4 50. a6 Kc7 51. Qg7+ Kb6 52. a7 Qc6 53. Qd4+
Kb7 54. Qa1 Ka8 55. Qc3 Kxa7 56. f3 Kb6 57. g4 hxg4 58. fxg4 Qd6+ 59. Kg2 Qf4
60. g5 Qxh4 61. Qe5 Qg4+ 62. Kf2 Kc6 63. Ke3 Kd7 64. Qg7+ Kd6 65. Qf8+ Kd5 66.
Qd8+ Kc6 67. Qc8+ Kd6 68. Qd8+ Ke5 69. Qf6+ Kd5 70. g6 c3 71. Kd3 Qc4+ 72. Kc2
Qa2+ 73. Kd3 Qd2# 0-1

[Event "CGC KO 2022"]
[Site "chess.com INT"]
[Date "2022.09.17"]
[Round "1.1"]
[White "Vidit, Santosh Gujrathi"]
[Black "Sarana, Alexey"]
[Result "0-1"]
[WhiteTitle "GM"]
[BlackTitle "GM"]
[WhiteElo "2710"]
[BlackElo "2662"]
[WhiteFideId "5029465"]
[BlackFideId "24133795"]
[EventDate "2022.09.14"]
[EventType "k.o."]

1. e4 c5 2. Nf3 d6 3. d4 cxd4 4. Nxd4 Nf6 5. Nc3 a6 6. Be3 e5 7. Nb3 Be6 8. f3
Nbd7 9. g4 Be7 10. Qd2 O-O 11. O-O-O b5 12. g5 Nh5 13. Kb1 Nb6 14. Na5 Qc7 15.
a3 Rab8 16. Nd5 Nxd5 17. exd5 Bxd5 18. Qxd5 Qxa5 19. f4 Nxf4 20. Bxf4 exf4 21.
h4 Bd8 22. Qf3 b4 23. a4 Qxa4 24. Bc4 Kh8 25. Qxf4 Qa5 26. Rd5 Qc7 27. h5 f6 28.
Bd3 Qf7 29. Qf5 Qg8 30. g6 h6 31. Bc4 Re8 32. b3 Qf8 33. Rhd1 Bc7 34. Qd7 Re7
35. Qc6 a5 36. Rf5 Qe8 37. Qf3 Re3 38. Qd5 a4 39. Bb5 Qe7 40. Bxa4 Bb6 41. Qxd6
Qxd6 42. Rxd6 Re1+ 43. Kb2 Bc7 44. Rc6 Be5+ 45. Rxe5 Rxe5 46. Rc7 Rxh5 47. Bd7
Rg5 48. c4 bxc3+ 49. Rxc3 Rxg6 50. Ka3 Rg1 51. b4 Ra1+ 52. Kb2 Ra7 53. Rd3 Rxb4+
54. Kc2 Rb8 55. Bf5 Rc7+ 56. Kd2 Rc5 57. Bg6 Rg5 58. Bf7 Kh7 59. Rd7 h5 60. Ke3
Kh6 61. Kf2 Rb2+ 62. Kf3 h4 63. Rd8 Rg3+ 64. Ke4 Rb4+ 65. Kf5 Rg5+ 66. Ke6 Re5+ 0-1

[Event "CGC KO 2022"]
[Site "chess.com INT"]
[Date "2022.09.17"]
[Round "1.1"]
[White "Wang, Hao"]
[Black "Leko, Peter"]
[Result "1-0"]
[WhiteTitle "GM"]
[BlackTitle "GM"]
[WhiteElo "2722"]
[BlackElo "2663"]
[WhiteFideId "8602883"]
[BlackFideId "703303"]
[EventDate "2022.09.14"]
[EventType "k.o."]

1. e4 e5 2. Nf3 Nc6 3. Bb5 a6 4. Ba4 Nf6 5. O-O Be7 6. Re1 b5 7. Bb3 O-O 8. h3
Bb7 9. d3 d6 10. a3 Nb8 11. Nbd2 Nbd7 12. Nf1 Re8 13. Ng3 Bf8 14. c3 h6 15. Ba2
d5 16. exd5 Bxd5 17. Bxd5 Nxd5 18. Bd2 c6 19. c4 N5f6 20. Bc3 Qc7 21. Qc2 g6 22.
Re2 bxc4 23. dxc4 Re6 24. Nd2 Bg7 25. Rd1 a5 26. Nde4 Nxe4 27. Nxe4 f5 28. Red2
Re7 29. Nd6 Nc5 30. b4 axb4 31. axb4 Ne6 32. c5 Nf4 33. Nc4 Nd5 34. Rxd5 cxd5
35. Nb6 Qb7 36. Nxa8 Qxa8 37. Qb3 Rd7 38. b5 Kh7 39. c6 Rd6 40. Bb4 Rd8 41. c7
Rc8 42. b6 d4 43. Bf8 Qb7 44. Bxg7 Kxg7 45. Qe6 1-0

[Event "CGC KO 2022"]
[Site "chess.com INT"]
[Date "2022.09.15"]
[Round "1.2"]
[White "Adams, Michael"]
[Black "Navara, David"]
[Result "1/2-1/2"]
[WhiteTitle "GM"]
[BlackTitle "GM"]
[WhiteElo "2689"]
[BlackElo "2681"]
[WhiteFideId "400041"]
[BlackFideId "309095"]
[EventDate "2022.09.14"]
[EventType "k.o."]

1. e4 c5 2. Nf3 d6 3. Bb5+ Bd7 4. Bxd7+ Qxd7 5. c4 Nf6 6. Nc3 Nc6 7. d4 Qg4 8.
O-O Nxd4 9. Nxd4 Qxd1 10. Rxd1 cxd4 11. Rxd4 Rc8 12. b3 g6 13. Bd2 Bg7 14. Rd1
O-O 15. Rd3 a6 16. f3 Rfe8 17. Kf1 Nd7 18. Be1 Ne5 19. Re3 f5 20. Re2 Kf7 21. h3
Nd7 22. Nd5 b5 23. cxb5 axb5 24. exf5 gxf5 25. g4 fxg4 26. hxg4 Ne5 27. Kg2 Ng6
28. Bg3 Rc5 29. f4 Rec8 30. Ne3 Rc1 31. Rxc1 Rxc1 32. Rc2 Rxc2+ 33. Nxc2 e5 34.
f5 Ne7 35. Nb4 h5 36. Bh4 Bf6 37. Bxf6 Kxf6 38. gxh5 Kxf5 39. a4 bxa4 40. bxa4
Kg5 41. a5 Kxh5 42. Kf3 Kg6 43. Ke4 Nc8 44. a6 Kf7 45. Kd5 e4 46. Kc6 d5 47.
Nxd5 Ke6 48. Ne3 Ke5 49. Kc7 Na7 50. Kb7 Nb5 51. Kb6 Nd6 52. Kc6 Nc8 53. Kc5 Kf4
54. Nd5+ Kf3 55. Kd4 Na7 56. Kc5 e3 57. Nxe3 Kxe3 58. Kb6 Nc8+ 59. Kc7 Na7 60.
Kb6 Nc8+ 61. Kc7 Na7 62. Kb6 1/2-1/2

[Event "CGC KO 2022"]
[Site "chess.com INT"]
[Date "2022.09.14"]
[Round "1.2"]
[White "Amin, Bassem"]
[Black "Esipenko, Andrey"]
[Result "0-1"]
[WhiteTitle "GM"]
[BlackTitle "GM"]
[WhiteElo "2663"]
[BlackElo "2678"]
[WhiteFideId "10601457"]
[BlackFideId "24175439"]
[EventDate "2022.09.14"]
[EventType "k.o."]

1. Nf3 Nf6 2. g3 b5 3. Bg2 Bb7 4. O-O g6 5. d3 Bg7 6. e4 d6 7. Nd4 a6 8. Nb3 e5
9. f4 O-O 10. fxe5 dxe5 11. Nc3 Qd6 12. Be3 Nbd7 13. Na5 Bc8 14. a4 c6 15. h3
Rb8 16. axb5 axb5 17. Qd2 Ne8 18. Ne2 Nc7 19. Qc3 c5 20. b4 Na6 21. bxc5 Ndxc5
22. Nc1 Be6 23. Ncb3 Rfc8 24. Nxc5 Nxc5 25. Qb4 Bf8 26. d4 exd4 27. Bf4 Qb6 28.
Qxd4 Nd7 29. Qxb6 Rxb6 30. Be3 Bc5 31. Bxc5 Rxc5 32. Rf2 Rc3 33. Kh2 b4 34. Rb1
Nc5 35. e5 Nd7 36. Re2 Rc5 37. Nb7 Rxe5 38. Rd2 Nf6 39. Nd6 Re3 40. Ra1 h5 41.
Ra8+ Kg7 42. Ra7 Rb8 43. Nb7 Rc3 44. Nd8 Rxd8 45. Rxd8 Rxc2 46. Rb7 Bd5 47. Rxd5
Nxd5 48. Kg1 Ne3 49. Be4 Rb2 50. Bc6 Kf8 51. Rb8+ Ke7 52. Ba4 Rg2+ 53. Kh1 Rxg3
54. Kh2 Nf1+ 55. Kh1 Rxh3+ 56. Kg2 Ra3 57. Rb7+ Kf8 0-1

[Event "CGC KO 2022"]
[Site "chess.com INT"]
[Date "2022.09.17"]
[Round "1.2"]
[White "Bok, Benjamin"]
[Black "Grischuk, Alexander"]
[Result "1/2-1/2"]
[WhiteTitle "GM"]
[BlackTitle "GM"]
[WhiteElo "2618"]
[BlackElo "2745"]
[WhiteFideId "1017063"]
[BlackFideId "4126025"]
[EventDate "2022.09.14"]
[EventType "k.o."]

1. d4 Nf6 2. c4 e6 3. Nf3 d5 4. g3 Be7 5. Bg2 O-O 6. O-O dxc4 7. Qc2 a6 8. a4
Bd7 9. Qxc4 Bc6 10. Bf4 Bd6 11. Qc1 Nbd7 12. Nc3 Rb8 13. Rd1 h6 14. Ne1 Bxg2 15.
Kxg2 Qe7 16. Nf3 c5 17. dxc5 Bxf4 18. Qxf4 Nxc5 19. e4 Rfd8 20. e5 Ne8 21. Qe3
Nc7 22. b4 Nd7 23. Rd4 Nf8 24. Rad1 Rxd4 25. Qxd4 Nd5 26. Nxd5 exd5 27. Qb6 Qd7
28. Qd6 Qxa4 29. Qxb8 Qxd1 30. Qxb7 Qd3 31. Qa8 Qe4 32. Qxa6 Qxb4 33. Qd3 Qe4
34. Qxe4 dxe4 35. Nd2 Nd7 36. Nxe4 Nxe5 37. f4 Nd7 38. Kf3 1/2-1/2

[Event "CGC KO 2022"]
[Site "chess.com INT"]
[Date "2022.09.17"]
[Round "1.2"]
[White "Chigaev, Maksim"]
[Black "Dominguez Perez, Leinier"]
[Result "1/2-1/2"]
[WhiteTitle "GM"]
[BlackTitle "GM"]
[WhiteElo "2641"]
[BlackElo "2745"]
[WhiteFideId "4108116"]
[BlackFideId "3503240"]
[EventDate "2022.09.14"]
[EventType "k.o."]

1. e4 e5 2. Nf3 Nf6 3. d4 Nxe4 4. dxe5 d5 5. Nbd2 Qd7 6. Nxe4 dxe4 7. Nd4 Nc6 8.
Bb5 Bc5 9. Nxc6 bxc6 10. Qxd7+ Bxd7 11. Ba6 Bd4 12. e6 Bxe6 13. Bb7 Rb8 14.
Bxc6+ Bd7 15. Bxe4 Bxb2 16. Bxb2 Rxb2 17. a3 Be6 18. Kd2 Ke7 19. Rhe1 Rd8+ 20.
Kc3 Rb5 21. Bd3 Rc5+ 22. Kd2 Rd4 23. Re4 Rxe4 24. Bxe4 Ra5 25. Kc3 h5 26. Bd3 h4
27. a4 Bd7 28. Kb4 Rg5 29. g3 a5+ 30. Kb3 Rc5 31. Re1+ Be6+ 32. Bc4 hxg3 33.
hxg3 g5 34. g4 Kd6 35. Bxe6 fxe6 36. Re3 Rc6 37. c3 Kd5 38. f3 Rb6+ 39. Kc2 Rc6
40. Rd3+ Ke5 41. Rd4 Rb6 42. Rc4 Kd6 43. Re4 e5 44. Rc4 Rb8 45. Kd3 Rf8 46. Ke3
Rf7 47. Re4 Kd5 48. Ke2 Rh7 49. c4+ Kd6 50. Kd3 Rf7 51. Ke3 Rf8 52. Ke2 Rf4 53.
Ke3 Rf8 54. Ke2 Rf4 55. Ke3 Rf8 1/2-1/2

[Event "CGC KO 2022"]
[Site "chess.com INT"]
[Date "2022.09.15"]
[Round "1.2"]
[White "Gelfand, Boris"]
[Black "Abdusattorov, Nodirbek"]
[Result "0-1"]
[WhiteTitle "GM"]
[BlackTitle "GM"]
[WhiteElo "2668"]
[BlackElo "2713"]
[WhiteFideId "2805677"]
[BlackFideId "14204118"]
[EventDate "2022.09.14"]
[EventType "k.o."]

1. d4 d5 2. c4 dxc4 3. e4 b5 4. a4 c6 5. Nc3 b4 6. Na2 Nf6 7. e5 Nd5 8. Bxc4 e6
9. Nf3 Be7 10. Bd2 a5 11. Nc1 Ba6 12. Bxa6 Nxa6 13. Nb3 c5 14. Qe2 O-O 15. O-O
cxd4 16. Rfc1 Qb6 17. Qb5 d3 18. Qxb6 Nxb6 19. Nxa5 Rfc8 20. Nc6 Bc5 21. a5 Nd7
22. Rxc5 Ndxc5 23. Ne7+ Kf8 24. Nxc8 Rxc8 25. Rc1 Rd8 26. Kf1 Rd5 27. Rc4 Nb3
28. Bxb4+ Nxb4 29. Rxb4 Nxa5 30. Rd4 Rxd4 31. Nxd4 Nc4 32. b3 Nxe5 33. Ke1 Ke7
34. Kd2 Kd6 35. f4 Kd5 36. Nxe6 fxe6 37. fxe5 Kd4 0-1

[Event "CGC KO 2022"]
[Site "chess.com INT"]
[Date "2022.09.15"]
[Round "1.2"]
[White "Hakobyan, Aram"]
[Black "Andreikin, Dmitry"]
[Result "0-1"]
[WhiteTitle "GM"]
[BlackTitle "GM"]
[WhiteElo "2611"]
[BlackElo "2729"]
[WhiteFideId "13306677"]
[BlackFideId "4158814"]
[EventDate "2022.09.14"]
[EventType "k.o."]

1. e4 e5 2. Nf3 Nc6 3. Bc4 Bc5 4. c3 Nf6 5. d3 d6 6. Nbd2 a6 7. Nf1 Ba7 8. Ng3
O-O 9. Bg5 h6 10. Bh4 Na5 11. Nh5 Nxc4 12. Nxf6+ gxf6 13. dxc4 Kh7 14. h3 Be6
15. Nh2 Rg8 16. Ng4 Rg6 17. Qf3 Bxg4 18. hxg4 Qd7 19. Qf5 Qxf5 20. gxf5 Rxg2 21.
Bxf6 Bxf2+ 22. Kf1 Rag8 23. Rd1 Be3 24. Rd3 Rf2+ 25. Ke1 Rxb2 26. c5 Rgg2 27.
cxd6 cxd6 28. Rxd6 Rge2+ 29. Kf1 Rec2 30. Bh4 Rc1+ 31. Be1 Rf2+ 0-1

[Event "CGC KO 2022"]
[Site "chess.com INT"]
[Date "2022.09.16"]
[Round "1.2"]
[White "Hou, Yifan"]
[Black "Radjabov, Teimour"]
[Result "1/2-1/2"]
[WhiteTitle "GM"]
[BlackTitle "GM"]
[WhiteElo "2650"]
[BlackElo "2747"]
[WhiteFideId "8602980"]
[BlackFideId "13400924"]
[EventDate "2022.09.14"]
[EventType "k.o."]

1. e4 e5 2. Nf3 Nc6 3. Bb5 Nf6 4. d3 Bc5 5. c3 O-O 6. O-O d5 7. Nbd2 dxe4 8.
dxe4 a5 9. h3 Qe7 10. Ba4 h6 11. Re1 b5 12. Bc2 Rd8 13. Qe2 b4 14. Bb3 Nh5 15.
Nf1 Ba6 16. Bc4 Bxf2+ 17. Kxf2 Qc5+ 18. Ne3 Nf4 19. Qf1 Nd3+ 20. Bxd3 Bxd3 21.
Qg1 Bxe4 22. Kg3 f5 23. Nxf5 Qxg1 24. Nxh6+ gxh6 25. Nxg1 Bg6 26. Bxh6 bxc3 27.
bxc3 Rd5 28. Rad1 Rad8 29. Rxd5 Rxd5 30. Nf3 Rc5 31. Bd2 Bd3 32. h4 a4 33. Re3
Rd5 34. Kf2 Bb1 35. a3 e4 36. Nd4 Ne5 37. Rg3+ Kf7 38. Bf4 Nc4 39. Bc1 c5 40.
Ne2 e3+ 41. Bxe3 Nxa3 42. Rg5 Rxg5 43. Bxg5 Nc4 44. Nc1 a3 45. Nb3 a2 46. Na1
Bf5 47. Be3 Na3 48. Bc1 Nb5 49. Be3 Nxc3 50. Kf3 c4 51. g4 Bd3 52. h5 Nd5 53. g5
c3 54. g6+ Kg7 55. Bd4+ Kh6 56. g7 Kh7 57. h6 c2 58. Bb2 Kg8 59. Kf2 Kh7 60. Ke1
Bf5 61. Kd2 Ne7 62. Nxc2 Bxc2 63. Kxc2 Nf5 64. Kb3 Nxh6 65. Kxa2 Nf5 66. Bc3
Nxg7 1/2-1/2

[Event "CGC KO 2022"]
[Site "chess.com INT"]
[Date "2022.09.15"]
[Round "1.2"]
[White "Iturrizaga Bonelli, Eduardo"]
[Black "Vachier-Lagrave, Maxime"]
[Result "0-1"]
[WhiteTitle "GM"]
[BlackTitle "GM"]
[WhiteElo "2630"]
[BlackElo "2757"]
[WhiteFideId "3901211"]
[BlackFideId "623539"]
[EventDate "2022.09.14"]
[EventType "k.o."]

1. d4 Nf6 2. c4 g6 3. h4 Bg7 4. Nc3 c5 5. d5 d6 6. e4 e6 7. Nge2 exd5 8. cxd5
O-O 9. Ng3 h5 10. Be2 a6 11. a4 Nh7 12. Bf4 Re8 13. Qd2 Qe7 14. Nd1 Nd7 15. Ne3
Ne5 16. Nc4 Nxc4 17. Bxc4 Bd7 18. a5 Nf6 19. f3 Bb5 20. Rc1 Bxc4 21. Rxc4 Nd7
22. Bg5 Bf6 23. O-O b5 24. axb6 Rab8 25. f4 Bxg5 26. fxg5 Ne5 27. Rc2 Rxb6 28.
Nh1 Reb8 29. Nf2 Rb3 30. Ra1 Qa7 31. Kh1 c4 32. Rf1 a5 33. Nd1 Rd3 34. Qf2 Qxf2
35. Nxf2 Rdb3 36. Nd1 a4 37. Nc3 Rxb2 38. Rxb2 Rxb2 39. Nxa4 Rb3 40. Rc1 Re3 41.
Nc3 Nd3 42. Rc2 Kf8 43. Re2 Rxe2 44. Nxe2 Nf2+ 45. Kg1 Nxe4 46. Nd4 f6 47. gxf6
Kf7 48. Nb5 Kxf6 0-1

[Event "CGC KO 2022"]
[Site "chess.com INT"]
[Date "2022.09.17"]
[Round "1.2"]
[White "Ivanchuk, Vasyl"]
[Black "Robson, Ray"]
[Result "1-0"]
[WhiteTitle "GM"]
[BlackTitle "GM"]
[WhiteElo "2678"]
[BlackElo "2690"]
[WhiteFideId "14100010"]
[BlackFideId "2023970"]
[EventDate "2022.09.14"]
[EventType "k.o."]

1. e4 e5 2. Nf3 Nc6 3. Bc4 Nf6 4. d4 exd4 5. e5 d5 6. Bb5 Ne4 7. Nxd4 Bc5 8. Be3
O-O 9. Bxc6 bxc6 10. Nd2 Bb6 11. Nxe4 dxe4 12. a4 Qd5 13. Qd2 a5 14. Qc3 Qxe5
15. Nxc6 Qe6 16. O-O Bb7 17. Nd4 Qg6 18. Rad1 f5 19. Qb3+ Kh8 20. Ne6 f4 21.
Bxb6 f3 22. g3 Qg4 23. Bd4 Rg8 24. Kh1 Ba6 25. Rg1 Be2 26. Rd2 h6 27. Qd5 Rae8
28. Nf4 e3 29. Bxe3 Rxe3 30. fxe3 f2 31. Rxe2 fxg1=Q+ 32. Kxg1 g5 33. Qe5+ Rg7
34. Ne6 1-0

[Event "CGC KO 2022"]
[Site "chess.com INT"]
[Date "2022.09.15"]
[Round "1.2"]
[White "Ju, Wenjun"]
[Black "Giri, Anish"]
[Result "1/2-1/2"]
[WhiteTitle "GM"]
[BlackTitle "GM"]
[WhiteElo "2560"]
[BlackElo "2764"]
[WhiteFideId "8603006"]
[BlackFideId "24116068"]
[EventDate "2022.09.14"]
[EventType "k.o."]

1. d4 Nf6 2. c4 e6 3. Nf3 d5 4. Nc3 Nbd7 5. Bf4 dxc4 6. e3 Bd6 7. Bg3 Nb6 8.
Bxc4 Nxc4 9. Qa4+ Bd7 10. Qxc4 Bc6 11. O-O Bxf3 12. gxf3 O-O 13. Rac1 c6 14. Ne4
Be7 15. Nc5 Qb6 16. Nd3 a5 17. a4 Nd5 18. Rfd1 Rfd8 19. Kh1 Rac8 20. b3 Ba3 21.
Ra1 Be7 22. Rac1 Ba3 23. Ra1 Be7 24. Rac1 1/2-1/2

[Event "CGC KO 2022"]
[Site "chess.com INT"]
[Date "2022.09.15"]
[Round "1.2"]
[White "Kamsky, Gata"]
[Black "Fedoseev, Vladimir3"]
[Result "1/2-1/2"]
[WhiteTitle "GM"]
[BlackTitle "GM"]
[WhiteElo "2666"]
[BlackElo "2685"]
[WhiteFideId "2000024"]
[BlackFideId "24130737"]
[EventDate "2022.09.14"]
[EventType "k.o."]

1. e4 c6 2. Nf3 d5 3. Nc3 Bg4 4. h3 Bxf3 5. Qxf3 Nf6 6. d3 g6 7. Be2 Bg7 8. O-O
Qd6 9. Rd1 d4 10. Nb1 Nbd7 11. Qf4 e5 12. Qh4 b5 13. Nd2 Nc5 14. Nb3 Ne6 15. a4
O-O 16. Bd2 b4 17. Na5 c5 18. Nc4 Qc7 19. g3 Nd7 20. f4 h5 21. fxe5 Nxe5 22.
Nxe5 Bxe5 23. Kg2 Kg7 24. Rf1 f6 25. g4 Bf4 26. Qe1 h4 27. Rf3 Bxd2 28. Qxd2 Ng5
29. Rf4 Rae8 30. Raf1 Ne6 31. R4f3 Ng5 32. Rf4 Qd6 33. b3 a5 34. Qe1 Ne6 35.
R4f3 Ng5 36. Rf4 Ne6 37. R4f3 Ng5 38. Rf4 1/2-1/2

[Event "CGC KO 2022"]
[Site "chess.com INT"]
[Date "2022.09.16"]
[Round "1.2"]
[White "Kovalev, Vladislav"]
[Black "Mamedyarov, Shakhriyar"]
[Result "0-1"]
[WhiteTitle "GM"]
[BlackTitle "GM"]
[WhiteElo "2623"]
[BlackElo "2757"]
[WhiteFideId "13504398"]
[BlackFideId "13401319"]
[EventDate "2022.09.14"]
[EventType "k.o."]

1. e4 e5 2. Nf3 Nc6 3. d4 exd4 4. Bc4 Bc5 5. Ng5 Nh6 6. Nxf7 Nxf7 7. Bxf7+ Kxf7
8. Qh5+ g6 9. Qxc5 d5 10. O-O dxe4 11. c3 Qd6 12. Qxd6 cxd6 13. cxd4 Nxd4 14.
Nc3 Re8 15. Be3 Nf5 16. Nb5 Re7 17. Bg5 Bd7 18. Nc7 Rc8 19. Bxe7 Nxe7 20. Rfc1
Bc6 21. b4 Rxc7 22. b5 d5 23. bxc6 bxc6 24. Kf1 c5 25. Rab1 Ke6 26. Rb8 c4 27.
Ke2 d4 28. Rb4 Kd5 29. Rb5+ Kd6 30. Ra5 Nd5 31. Ra6+ Ke5 32. Ra5 d3+ 33. Kd2 c3+
34. Rxc3 Rxc3 35. Rxd5+ Kxd5 36. Kxc3 g5 37. f3 Ke5 38. a4 0-1

[Event "CGC KO 2022"]
[Site "chess.com INT"]
[Date "2022.09.17"]
[Round "1.2"]
[White "Lazavik, Denis"]
[Black "So, Wesley"]
[Result "1-0"]
[WhiteTitle "IM"]
[BlackTitle "GM"]
[WhiteElo "2523"]
[BlackElo "2771"]
[WhiteFideId "13515110"]
[BlackFideId "5202213"]
[EventDate "2022.09.14"]
[EventType "k.o."]

1. d4 Nf6 2. c4 e6 3. Nf3 d5 4. g3 Be7 5. Bg2 O-O 6. O-O dxc4 7. Qc2 b5 8. a4
Bb7 9. axb5 a6 10. bxa6 Nxa6 11. Qxc4 Bd5 12. Qc3 c5 13. Be3 Ne4 14. Qc1 cxd4
15. Bxd4 Nac5 16. Rxa8 Qxa8 17. Nc3 Nb3 18. Nxd5 Qxd5 19. Qe3 Nxd4 20. Nxd4 Bc5
21. Bxe4 Qxd4 22. Qxd4 Bxd4 23. Rb1 Rb8 24. b4 Kf8 25. b5 Ke7 26. Kg2 h5 27. Bd3
g5 28. Rc1 Bb6 29. h3 Rd8 30. Rc3 h4 31. gxh4 gxh4 32. Kf3 f5 33. e3 Rd6 34. Ke2
Rd7 35. Rc4 Ra7 36. Rxh4 Ra2+ 37. Kf3 Ba5 38. Rh7+ Kd6 39. Ra7 Ra3 40. Be2 e5
41. h4 f4 42. Ra6+ Kd5 43. h5 fxe3 44. fxe3 e4+ 45. Kf2 Ra1 46. h6 Be1+ 47. Kg2
Rb1 48. h7 Bc3 49. Ra8 Re1 50. Rd8+ Ke6 51. Bc4+ Kf5 52. h8=Q Bxh8 53. Rxh8 Rxe3
54. b6 1-0